000 00778nam a2200253 i 4500
005 20210818181923.0
008 141001s2014 ck gr 000 0 spa
020 _a9789587221886
040 _aCOMFC
_bspa
_erda
100 1 _aSerna Arango, Julián
245 1 0 _aReptiles de a pie
_cJulián Serna Arango
250 _aPrimera edición
264 0 1 _aPereira
_bUniversidad Tecnológica de Pereira
_c2014
300 _a69 páginas
_c21 cm
336 _2rdacontent
_atxt
337 _2rdamedia
_an
338 _2rdacarrier
_anc
082 0 4 _a808.882
_bS486r
650 1 4 _aCitas, máximas, etc.
650 1 4 _aPalabras y frases
650 0 _aApotegmas
_952201
650 0 _aPalabras y Frases
_925703
942 _2ddc
_h808.882 S486r
_k808.882
_mS486r
999 _c13324
_d13324